All Real Madrid Players of the 2000's - Statistics

General Stats
  • This quiz has been taken 192 times
    46 since last reset
  • The average score is 33 of 90
Answer Stats
Position Nation Player % Correct
GK Spain Iker Casillas
97%
ATT Portugal Cristiano Ronaldo
94%
ATT Brazil Ronaldo
91%
DEF Spain Sergio Ramos
88%
MID England David Beckham
79%
MID France Zinedine Zidane
79%
DEF Portugal Pepe
76%
DEF Brazil Roberto Carlos
76%
ATT France Karim Benzema
73%
MID Portugal Luis Figo
73%
ATT Spain Raul
73%
MID The Netherlands Arjen Robben
67%
DEF Spain Fernando Hierro
67%
ATT Spain Fernando Morientes
67%
DEF Brazil Marcelo
67%
MID Spain Guti
64%
DEF Italy Fabio Cannavaro
61%
ATT Argentina Gonzalo Higuain
61%
ATT England Micheal Owen
61%
MID The Netherlands Wesley Sneijder
61%
ATT Brazil Kaka
58%
ATT The Netherlands Ruud Van Nistelrooy
58%
MID Spain Xabi Alonso
58%
GK Poland Jerzy Dudek
55%
MID England Steve McManaman
55%
MID France Lassana Diarra
52%
MID Mali Mahamadou Diarra
52%
DEF Spain Michel Salgado
48%
ATT Brazil Robinho
48%
DEF/MID Spain Ivan Helguera
45%
DEF Spain Alvaro Arbeloa
42%
MID France Claude Makelele
42%
MID The Netherlands Rafael Van der Vaart
42%
MID Denmark Thomas Gravesen
42%
DEF Argentina Walter Samuel
42%
GK Germany Bodo Illgner
39%
DEF Argentina Gabriel Heinze
39%
DEF England Jonathan Woodgate
39%
ATT The Netherlands Klaas-Jan Huntelaar
39%
DEF The Netherlands Roysten Drenthe
39%
GK Spain Carlos Sanchez
36%
GK Spain Diego Lopez
36%
MID Argentina Esteban Cambiasso
36%
MID Argentina Fernando Gago
36%
DEF Spain Raul Albiol
36%
MID Spain Ruben De la Red
36%
ATT Brazil Savio
36%
ATT Italy Antonio Cassano
33%
DEF Argentina Ezequiel Garay
33%
ATT Argentina Javier Saviola
33%
DEF Spain Miguel Torres
33%
MID Spain Esteban Granero
30%
GK Spain Antonio Adan
27%
DEF Germany Christoph Metzelder
27%
DEF Spain Aitor Karanka
24%
GK Spain Cesar
24%
DEF Spain Francisco Pavon
24%
MID Brazil Julio Baptista
24%
DEF Spain Raul Bravo
24%
ATT Spain Roberto Soldado
24%
MID Cameroon Geremi
21%
DEF Spain Manuel Sanchis
21%
MID Argentina Santiago Solari
21%
DEF Spain Alvaro Mejia
18%
DEF Brazil Cicinho
18%
MID Brazil Emerson
18%
DEF/MID Spain Javi Garcia
18%
MID Uruguay Pablo Garcia
18%
MID Brazil Flavio Conceicao
15%
DEF Spain Ivan Campo
15%
ATT Spain Jose Antonio Reyes
15%
DEF Uruguay Carlos Diogo
12%
ATT Spain Javier Portillo
12%
DEF France Julien Faubert
12%
MID Spain Juanfran
9%
MID Spain Albert Celades
6%
MID Spain Antonio Nunez
6%
DEF Spain Oscar Minambres
6%
ATT Spain Pedro Munitis
6%
DEF Spain Ruben
6%
ATT Spain Tote
6%
MID Spain Alvaro
3%
MID Spain Dani Parejo
3%
GK Spain Jordi Codina
3%
DEF Spain Borja
0%
MID Spain Javier Balboa
0%
MID Spain Jordi
0%
MID Spain Jotha
0%
MID Serbia (Jugoslavia) Perica Ognjenovic
0%
MID Spain Valdo
0%
No matching quizzes found
Score Distribution
Percent of People with Each Score
Percentile by Number Answered
Your Score History
You have not taken this quiz since the last reset